000
00244nam a22001097a 4500
082
_a
539.7 SEM'A
100
_a
WHITE, H.E,SEMART, H
_9
59649
245
_a
ATOMIC AGE PHYSICS
260
_a
NEWYORK
_b
RINEHART
_c
1959
300
_a
230P
942
_c
BK
999
_c
569573
_d
569573